Statistics for Biggest Cities in Each State - No Repeating Counties

Click here to take the quiz!

General Stats

  • This quiz has been taken 61 times
  • The average score is 117 of 199

Answers on the Map

Answers color-coded by a green-red scale on the quiz's map according to % correct below.
 

Answer Stats

StatePopulationCity% Correct
New York8,335,897New York
94%
California808,437San Francisco
94%
Washington749,256Seattle
94%
California3,822,238Los Angeles
91%
California1,381,162San Diego
91%
Florida449,514Miami
88%
Arizona1,644,409Phoenix
88%
Georgia499,127Atlanta
85%
Illinois2,665,039Chicago
85%
Texas1,299,544Dallas
85%
Michigan620,376Detroit
85%
Texas2,302,878Houston
85%
Nevada656,274Las Vegas
85%
Pennsylvania1,567,258Philadelphia
85%
Pennsylvania302,898Pittsburgh
85%
Oregon635,067Portland
85%
Maine68,424Portland
85%
Alaska287,145Anchorage
82%
Texas974,447Austin
82%
Alabama196,910Birmingham
82%
Massachusetts650,706Boston
82%
Georgia202,616Columbus
82%
Ohio907,971Columbus
82%
Colorado713,252Denver
82%
Oregon177,923Eugene
82%
Hawaii350,966Honolulu
82%
Mississippi145,995Jackson
82%
Alabama196,986Montgomery
82%
Virginia229,395Richmond
82%
California971,233San Jose
82%
Florida398,173Tampa
82%
New Mexico561,008Albuquerque
79%
Idaho236,634Boise
79%
New York276,486Buffalo
79%
North Carolina897,720Charlotte
79%
Ohio361,607Cleveland
79%
Indiana880,621Indianapolis
79%
Florida971,319Jacksonville
79%
Arkansas202,864Little Rock
79%
Kentucky624,444Louisville
79%
Minnesota425,096Minneapolis
79%
Tennessee683,622Nashville
79%
Oklahoma694,800Oklahoma City
79%
Florida316,081Orlando
79%
Utah204,657Salt Lake City
79%
Texas1,472,909San Antonio
79%
Minnesota303,176St. Paul
79%
Arizona546,574Tucson
79%
Georgia202,096Augusta
76%
Ohio309,513Cincinnati
76%
Colorado486,248Colorado Springs
76%
North Dakota131,444Fargo
76%
Alaska31,685Juneau
76%
Kansas153,345Kansas City
76%
Missouri509,297Kansas City
76%
Tennessee621,056Memphis
76%
Wisconsin563,305Milwaukee
76%
Louisiana369,749New Orleans
76%
Nevada273,448Reno
76%
Massachusetts154,064Springfield
76%
Missouri170,067Springfield
76%
Illinois113,273Springfield
76%
Colorado393,537Aurora
74%
Maryland569,931Baltimore
74%
Louisiana221,453Baton Rouge
74%
South Carolina153,672Charleston
74%
West Virginia47,129Charleston
74%
Iowa211,034Des Moines
74%
Alaska32,107Fairbanks
74%
Nebraska292,627Lincoln
74%
Nebraska485,153Omaha
74%
North Carolina476,587Raleigh
74%
New Mexico89,008Santa Fe
74%
South Dakota202,078Sioux Falls
74%
Missouri286,578St. Louis
74%
Oklahoma411,867Tulsa
74%
Kentucky320,347Lexington
71%
Wisconsin272,903Madison
71%
Alabama183,289Mobile
71%
Minnesota121,878Rochester
71%
New York209,352Rochester
71%
Virginia455,618Virginia Beach
71%
North Carolina251,350Winston-Salem
71%
Missouri128,555Columbia
68%
South Carolina139,698Columbia
68%
Minnesota86,619Duluth
68%
Indiana267,927Fort Wayne
68%
North Carolina301,115Greensboro
68%
New Jersey305,344Newark
68%
Utah113,523Provo
68%
Oregon177,487Salem
68%
Ohio266,301Toledo
68%
Kansas396,192Wichita
68%
North Dakota74,445Bismarck
65%
Nevada58,130Carson City
65%
Wyoming64,610Cheyenne
65%
Wisconsin106,095Green Bay
65%
Connecticut120,686Hartford
65%
Tennessee195,889Knoxville
65%
Virginia232,995Norfolk
65%
Rhode Island190,932Providence
65%
Washington230,160Spokane
65%
Washington221,776Tacoma
65%
Montana119,960Billings
62%
Delaware38,594Dover
62%
New Hampshire33,416Dover
62%
Hawaii44,186Hilo
62%
Alabama221,933Huntsville
62%
New Hampshire115,141Manchester
62%
Kansas125,449Topeka
62%
Arkansas99,285Fayetteville
59%
Colorado169,249Fort Collins
59%
Idaho67,723Idaho Falls
59%
New Mexico113,888Las Cruces
59%
Louisiana180,153Shreveport
59%
Iowa136,429Cedar Rapids
56%
Montana76,955Missoula
56%
Indiana103,110South Bend
56%
Delaware71,569Wilmington
56%
Arizona98,527Yuma
56%
Michigan119,875Ann Arbor
53%
Montana56,123Bozeman
53%
Vermont44,595Burlington
53%
Wyoming58,543Casper
53%
Michigan196,908Grand Rapids
53%
Massachusetts205,319Worcester
53%
Tennessee184,086Chattanooga
50%
New Hampshire44,503Concord
50%
Indiana115,749Evansville
50%
Arizona75,907Flagstaff
50%
Montana60,382Great Falls
50%
Georgia156,197Macon
50%
Connecticut138,915New Haven
50%
Utah86,825Ogden
50%
New York208,121Yonkers
50%
Pennsylvania125,094Allentown
47%
Connecticut148,377Bridgeport
47%
Iowa100,486Davenport
47%
Arkansas89,992Fort Smith
47%
Mississippi72,236Gulfport
47%
New Jersey286,670Jersey City
47%
Louisiana121,389Lafayette
47%
Rhode Island25,170Newport
47%
South Dakota78,824Rapid City
47%
Iowa85,497Sioux City
47%
Washington194,512Vancouver
47%
Oregon103,254Bend
44%
South Carolina72,310Greenville
44%
Wyoming32,035Laramie
44%
West Virginia30,277Morgantown
44%
Kansas197,726Overland Park
44%
Idaho57,730Pocatello
44%
Illinois146,713Rockford
44%
Maine31,588Bangor
41%
Virginia252,488Chesapeake
41%
Idaho110,951Nampa
41%
New Mexico47,390Roswell
41%
North Dakota58,692Grand Forks
38%
North Dakota47,759Minot
38%
Utah102,519St. George
38%
Kentucky74,926Bowling Green
35%
Maryland82,175Frederick
35%
Wisconsin98,484Kenosha
35%
Massachusetts118,488Cambridge
32%
Wyoming33,264Gillette
32%
Arkansas79,876Jonesboro
32%
New Jersey156,661Paterson
32%
Pennsylvania94,858Reading
32%
Connecticut136,188Stamford
32%
Michigan137,107Warren
32%
Alaska9,711Wasilla
32%
South Dakota28,210Aberdeen
29%
Nebraska52,513Grand Island
29%
West Virginia45,746Huntington
29%
Illinois150,033Joliet
29%
Kentucky60,037Owensboro
29%
New Jersey134,283Elizabeth
26%
Mississippi48,455Hattiesburg
26%
Oklahoma50,499Enid
24%
Maryland68,952Gaithersburg
24%
Oklahoma91,542Lawton
24%
West Virginia29,193Parkersburg
24%
Vermont20,624Rutland
24%
Mississippi56,360Southaven
24%
Rhode Island82,825Warwick
24%
South Carolina75,349Rock Hill
21%
Nebraska63,015Bellevue
18%
South Dakota23,993Brookings
18%
Hawaii28,219
Kahului
18%
Maine38,493Lewiston
18%
Delaware8,516Seaford
18%
Vermont6,942St. Albans
18%
Vermont8,430Barre
15%
Nevada24,261Fernley
15%
New Hampshire22,774Keene
15%
Maryland57,192Bowie
12%
Maine22,450Biddeford
9%
Hawaii11,652Kapa'a
9%
Rhode Island18,423Westerly
3%

Score Distribution

Percentile by Number Answered

Percent of People with Each Score

Your Score History

You have not taken this quiz